| 000 | 00612nam a22002177a 4500 | ||
|---|---|---|---|
| 003 | dpl | ||
| 005 | 20180719122740.0 | ||
| 008 | 180719b xxu||||| |||| 00| 0 eng d | ||
| 020 |
_a8125012664 _c328.00 |
||
| 035 | _aA-947646 | ||
| 040 |
_aDPL _bEN _c0 |
||
| 082 |
_a610 _bVAS |
||
| 100 | _aVasan, R.S. | ||
| 245 |
_aTextbook of Medicine / _cby R.S. Vasan [and] Sudha Seshadri |
||
| 260 |
_aChennai _bOrient Longman _c1998 |
||
| 270 |
_a160 Anna Sala _bChennai _c600002 |
||
| 300 |
_a1387p.: _bill.; _c26cm. |
||
| 650 | _aMedical | ||
| 700 | _aSeshadri, Sudha | ||
| 942 |
_2ddc _cEN _h610 _mVAS |
||
| 999 |
_c154381 _d154381 |
||